States of America - Sudden Death - Statistics

General Stats
  • This quiz has been taken 315 times
  • The average score is 11 of 16
Answers on the Grid
Answers color-coded by a green-red scale on the quiz's grid according to % correct below.
Washington D.C
Dakota
New York
Colorado
Maine
Puerto Rico
Greenland
Guam
Hawai'i
Panama
New Hampshire
Bermuda
Alaska
Pennsylvania
Wyoming
Arkansas
Tampa
Nevada
Utah
Victoria
Geraldston
Montana
Toledo
Michigan
Northern Mariana Islands
American Samoa
Ohio
East Virginia
Vermont
Lincoln
Misisipi
Oklahoma
 
Answer Stats
Answer % Correct
New York
74%
I know this was your first guess :) Ohio
74%
Alaska
72%
Colorado
72%
Arkansas
71%
Nevada
71%
Utah
71%
Michigan
69%
Pennsylvania
69%
Chinese state? No, AMERICAN Wyoming
69%
Oklahoma
68%
Vermont
68%
Mountainnnnns -Nugget thing idk Montana
66%
New Hampshire
65%
Maine
63%
Hawai'i
56%
No matching quizzes found
Score Distribution
Percent of People with Each Score
Percentile by Number Answered
Your Score History
You have not taken this quiz